000 00436nam a2200181Ia 4500
001 23627
005 20260414150949.0
008 260414t2012||||xx |||||||||||||| ||spa||
041 _aESP
082 _a670.427
_bM26
100 _aMartín Castillo, Juan Carlos
_eAUT
245 0 _aAutomatismos industriales
_b
260 _c2012
300 _a359 páginas :
_c27 cm.
650 _aTCA
654 _aCII
942 _cLIB
_dJUS
_fJUS
_2ddc
_n
999 _c23627
_d23627